000
00289nam a22001337a 4500
008
170602b xxu||||| |||| 00| 0 eng d
020
_a
9780786720972
041
_a
eng
080
_a
94(7/8)
100
_a
17
101
_a
SHH
245
_a
WHAT IS AMERICA?
_c
WRIGHT, R
942
_2
udc
_c
BK
999
_c
15753
_d
15753